ميری تيری اسکی بات / (Record no. 172977)

MARC details
000 -LEADER
fixed length control field 00800nam a22002177a 4500
005 - DATE AND TIME OF LATEST TRANSACTION
control field 20200318113535.0
010 ## - LCCN (DPL NO)
LC control number A-640061
020 ## - INTERNATIONAL STANDARD BOOK NUMBER
Terms of availability 350.00
International Standard Book Number 8172015984
035 ## - SYSTEM CONTROL NUMBER
System control number A-640061
037 ## - SOURCE OF ACQUISITION
Source of stock number/acquisition BPPD/Ven.
082 ## - DEWEY DECIMAL CLASSIFICATION NUMBER
Classification number ن
100 ## - MAIN ENTRY--PERSONAL NAME
Personal name يش پا ل
245 ## - TITLE STATEMENT
Title ميری تيری اسکی بات /
Statement of responsibility, etc يش پال
246 ## - VARYING FORM OF TITLE
Title proper/short title Meri Teri Uski Baat /
Remainder of title by Yeshpal
260 ## - PUBLICATION, DISTRIBUTION, ETC. (IMPRINT)
Place of publication, distribution, etc N.Delhi
Date of publication, distribution, etc 1994
Name of publisher, distributor, etc Sahitya Academy
270 ## - ADDRESS
Address Rovind Bhawan,35,Firoz Shah Road,
City N.Delhi
Postal code 110001
Telephone number -
300 ## - PHYSICAL DESCRIPTION
Extent 944 ص
Dimensions 22 س م (Hb)
942 ## - ADDED ENTRY ELEMENTS (KOHA)
Source of classification or shelving scheme Dewey Decimal Classification
Item type Urdu Bks
Classification part ن
Call number suffix ے ش پ
Holdings
Withdrawn status Lost status Not for loan Collection code Home library Current library Date acquired Source of acquisition Cost, normal purchase price Full call number Barcode Copy number Cost, replacement price Koha item type
      Fiction Central Library Central Library 17/02/2020 BPPD/Ven. 350.00 ن ے ش پ A-640061 1 350.00 Urdu Bks

© Delhi Public Library
Hit Counter
free hit counter